| 000 | 00945nam a2200253 i 4500 | ||
|---|---|---|---|
| 001 | 110894 | ||
| 003 | ES-MaACL | ||
| 005 | 20230906185210.0 | ||
| 007 | t| | ||
| 008 | 040429s1917 sp ||||1| spa d | ||
| 080 | _a821.134.2-22"19" | ||
| 100 | 1 |
_aMartínez Sierra, Gregorio, _d1881-1947 _978429 |
|
| 245 | 1 | 0 |
_aPrimavera en otoño : _bcomedia en tres actos / _coriginal de Gregorio Martínez Sierra. |
| 260 |
_a[Madrid : _bLa Novela Teatral, _c1917] |
||
| 300 |
_a[40] p. ; _c20 cm. |
||
| 490 | 1 |
_aLa novela teatral ; _v29 |
|
| 594 | _aObra en colaboración entre Gregorio Martínez Sierra y María Lejárraga (María Martínez Sierra) | ||
| 599 | _aEn cub.: caricatura de Gregorio Martínez Sierra, por Tovar. | ||
| 700 | 1 |
_aMartínez Sierra, María, _d1874-1974 _978430 |
|
| 700 | 0 |
_aTovar _c, ilustrador. _9157378 |
|
| 830 | 1 |
_aLa novela teatral ; _v29 _9122427 |
|
| 852 | 4 |
_aES-MaACL _j2214-F-19 |
|
| 999 |
_c110894 _d110894 |
||